000 00663nam a2200229Ia 4500
003 OSt
005 20220928115350.0
006 a|||||r|||| 00| 0
007 ta
008 220927b |||||||| |||| 00| 0 eng d
024 _a36160
037 _cTextual
040 _aSDCL
_cSDCL
_beng
041 _2eng
_aeng
082 _aV2:3(Q)'N9, N9
100 _aMendus Susan Ed.
_9432251
245 0 _aPolitics of toleration
_b Tolerance and intolerance in modern life
260 _aEdinburgh
_bEdinburgh University Press
_c1999
300 _axi,155p
_ccm.
942 _hV2:3(Q)'N9, N9
_cTEXL
_2CC
999 _c759136
_d759136